| 000 | 003530000a22001450004500 | ||
|---|---|---|---|
| 003 | MACL | ||
| 040 | _aMACL | ||
| 090 |
_c33473 _d33471 |
||
| 100 | _aSingh, Abhay Kumar | ||
| 245 | _aSolutions to I E Irodov's Problems in Geveral physics | ||
| 260 |
_bCBS Publishers & Distributors _c2000 |
||
| 350 | _b135 | ||
| 650 | _aPhysics | ||
| 942 |
_cBOOK _k530/SIN |
||
| 999 |
_c33123 _d33123 |
||